Hỏi-đáp về thâm canh rau

Na minha lista:
Detalhes bibliográficos
Autor principal: Đinh Văn Lữ
Formato: Livro
Idioma:Undetermined
Publicado em: Hà Nội KHKT 1971
Assuntos:
Tags: Adicionar Tag
Sem tags, seja o primeiro a adicionar uma tag!
Thư viện lưu trữ: Trung tâm Học liệu Trường Đại học Cần Thơ
LEADER 00454nam a2200169Ia 4500
001 CTU_13335
008 210402s9999 xx 000 0 und d
082 |a 635 
082 |b L550 
100 |a Đinh Văn Lữ 
245 0 |a Hỏi-đáp về thâm canh rau 
245 0 |c Đinh Văn Lữ 
260 |a Hà Nội 
260 |b KHKT 
260 |c 1971 
650 |a vegetable gardening 
980 |a Trung tâm Học liệu Trường Đại học Cần Thơ